〈スーパーマリオ〉敵キャラ画像クイズ - Statistics

General Stats
  • This quiz has been taken 386 times
  • The average score is 24 of 30
Answer Stats
Picture Answer % Correct
クリボー
100%
クッパ
100%
パックンフラワー
97%
キラー
95%
(みどり)ノコノコ
95%
ドッスン
95%
ワンワン
94%
テレサ
94%
ヘイホー
93%
クッパJr.
92%
ジュゲム
91%
ボムへい
90%
カロン
89%
プクプク
89%
ハナチャン
88%
トゲゾー
87%
ハンマーブロス
87%
カメック
86%
ゲッソー
86%
(あか)パタパタ
83%
ガボン
79%
キャサリン
78%
サンボ
64%
マグナムキラー
64%
ウツボ
59%
ボスパックン
54%
フィッシュボーン
51%
プー
36%
(あお)ポイハナ
30%
ハックン
30%
No matching quizzes found
Score Distribution
Percent of People with Each Score
Percentile by Number Answered
Your Score History
You have not taken this quiz